Introduction au marketing

Đã lưu trong:
书目详细资料
主要作者: Filiatrault, Pierre
格式: 图书
语言:Undetermined
出版: Paris Messageries du Jour Inc 1973
主题:
标签: 添加标签
没有标签, 成为第一个标记此记录!
Thư viện lưu trữ: Trung tâm Học liệu Trường Đại học Cần Thơ
LEADER 00492nam a2200181Ia 4500
001 CTU_68958
008 210402s9999 xx 000 0 und d
082 |a 658.8 
082 |b F482 
100 |a Filiatrault, Pierre 
245 0 |a Introduction au marketing 
245 0 |c Pierre Filiatrault, Yvon-G.Perreault 
260 |a Paris 
260 |b Messageries du Jour Inc 
260 |c 1973 
650 |a Marketing 
904 |i Mai Loan 
980 |a Trung tâm Học liệu Trường Đại học Cần Thơ